LEADER 01676nam 2200349 450 001 9910444458303321 005 20231215123715.0 010 $a1-5044-7454-6 035 $a(CKB)5590000000438929 035 $a(NjHacI)995590000000438929 035 $a(EXLCZ)995590000000438929 100 $a20231215d2021 uy 0 101 0 $aeng 135 $aur||||||||||| 181 $ctxt$2rdacontent 182 $cc$2rdamedia 183 $acr$2rdacarrier 200 10$aC62.31-2020 - IEEE standard for test methods and preferred values for low-voltage gas discharge tube surge-protective components - redline /$fIEEE 210 1$a[Place of publication not identified] :$cIEEE,$d2021. 215 $a1 online resource 330 $aThis standard applies to low-voltage gas discharge tube (GDT ) surge-protective components for application on systems with voltages less than or equal to 1000 V rms or 1500 V dc. These protective components are designed to limit voltage surges on balanced or unbalanced communication circuits and on power circuits operating from dc to 420 Hz. This standard contains a series of standard test criteria for determining the electrical characteristics and ratings of gas discharge tube surge-protective components. 606 $aElectric current rectifiers 606 $aImpact 615 0$aElectric current rectifiers. 615 0$aImpact. 676 $a621.3137 801 0$bNjHacI 801 1$bNjHacl 906 $aDOCUMENT 912 $a9910444458303321 996 $aC62.31-2020 - IEEE Standard for Test Methods and Preferred Values for Low-Voltage Gas Discharge Tube Surge-Protective Components - Redline$92581491 997 $aUNINA LEADER 00874cam 2200229 i 4500 001 991004398028707536 005 20250904124506.0 008 250904t20182018gw a e b 001 0 ger d 020 $a9783447109758 040 $aBibl. Interfacoltà T. Pellegrino$bita 082 0 $a726.1931 100 1 $aBaumann, Stefan$0563945 245 10$aSchatzkammern :$bIhre Dekoration und Raumkonzeption in ägyptischen Tempeln der griechisch-römischen Zeit /$cStefan Baumann 260 $aWiesbaden :$bHarrassowitz Verlag,$c2018 300 $a2 vol. :$bill. ;$c30 cm 504 $aBibliogr. pp. [777]-869. 505 0 $gv. 1 :$tTeil 1 / Stefan Baumann$g- 2018- XVI, 551 p. 505 0 $gv. 2 :$tTeil 2 / Stefan Baumann$g- 2018 - VII, [553]-886 p. 830 0$aStudien zur spätägyptischen Religion ;$v19 912 $a991004398028707536 996 $aSchatzkammern$94429088 997 $aUNISALENTO